000 00394nam a2200169Ia 4500
001 14064
003 IN-NITTTR
005 20251114233132.0
008 251113s9999||||xx |||||||||||||| ||eng||
040 _beng
040 _cIN-NITTTR
041 _aeng
082 _a372.19016 D272C
100 _aDave, R. M.
245 0 _aLife long education and the school /
_cDave, R. M.
942 _2ddc
_cBK
999 _c16700
_d16700